Madre, solterismo y divorcio: implicaciones que afectan el desarrollo psicosocial de los hijos /
Enfoca el fenómeno (en aumento) de "madre-solterismo" que presenta la sociedad panameña. Señala como una consecuencia de esta problemática la existencia de niños y jóvenes cuyas madres no están en capacidad de brindarles a cabalidad todo el afecto, apoyo y seguridad que requieren para alca...
Salvato in:
| Autore principale: | |
|---|---|
| Natura: | testo |
| Soggetti: | |
| Tags: |
Aggiungi Tag
Nessun Tag, puoi essere il primo ad aggiungerne!!
|
MARC
| LEADER | 00000 a a2200000 04500 | ||
|---|---|---|---|
| 001 | 9392 | ||
| 003 | |||
| 040 | |||
| 100 | |a Campo Flores, Nivia | ||
| 245 | |a Madre, solterismo y divorcio: implicaciones que afectan el desarrollo psicosocial de los hijos / |c Nivia Campo Flores | ||
| 520 | |a Enfoca el fenómeno (en aumento) de "madre-solterismo" que presenta la sociedad panameña. Señala como una consecuencia de esta problemática la existencia de niños y jóvenes cuyas madres no están en capacidad de brindarles a cabalidad todo el afecto, apoyo y seguridad que requieren para alcanzar un desarrollo integral adecuado. Presenta algunos motivos convierten ala mujer en madre soltera, entre ellos: motivos familiares, causas ambientales (la vecindad, las amistades) y otras causas como el divorcio./MSD | ||
| 650 | |a MUJERES | ||
| 650 | |a MADRES | ||
| 650 | |a DESINTEGRACION DE LA FAMILIA | ||
| 650 | |a DIVORCIO | ||
| 650 | |a PERSONAS NO CASADAS | ||
| 650 | |a ASPECTOS PSICOLOGICOS | ||
| 650 | |a NIÑOS | ||
| 650 | |a JUVENTUD | ||
| 773 | |g número 433; páginas 47-54 | ||
| 999 | |c 25301 |d 25301 | ||
